000 00836cam a22002651 4500
001 9808
003 BD-RjUL
005 20211208234836.0
008 140121s19661963mau b 001 0 eng
035 _a(BD-RjUL)9853
035 _a(OCoLC)842823
040 _aDLC
_cOClU
_dOCoLC
_dNBL
_dDLC
_dDLC
_dBD-RjUL
_beng
041 _aeng
082 _a345.492
_bBUT 1966
100 1 _aBuckland, W. W.
_q(William Warwick),
_d1859-1946.
_916737
245 1 2 _aA text-book of Roman law from Augustus to Justinian /
_cby W.W. Buckland.
250 _a3rd ed.,
260 _aCambridge :
_bUniversity Press,
_c1963 [Reprint 1966].
300 _axxx, 764 p. ;
_c25 cm.
504 _aIncludes bibliographical references & Index.
650 0 _aRoman law.
_930313
700 1 _aStein, Peter,
_d1926-
_914451
942 _2ddc
_cBK
999 _c9808
_d9808